Historia mundial desde 1914 hasta 1950 /

Guardado en:
Autor Principal: Thomson, David
Formato: Libro
Publicado: México : Fondo de cultura econ¢mica, 1962
Edición:2a. ed.
Materias:
Etiquetas: Agregar Etiqueta
Sin Etiquetas, Sea el primero en etiquetar este registro!
LEADER 00507nam a22001815a 4500
001 CEM.cems006238
005 20060214000000.0
008 130507s1962##################000#0#####d
003 CEMS
082 0 4 |a 909.82 
100 1 |a Thomson, David 
245 1 0 |a Historia mundial desde 1914 hasta 1950 / 
250 |a 2a. ed. 
260 |a México :  |b Fondo de cultura econ¢mica,  |c 1962 
300 |a 224 p. 
653 |a Historia 
653 |a Historia mundial 
859 |a CEMS  |b BIB. CEMS - 11 de abril  |h 909.82  |i T382a2  |p 5948.77  |t Ej.1